000 00205nam a2200085 4500
001 1254675
005 20251120113615.0
245 _aBİR HİKAYENİN HİKAYESİ
_cDEBORAH HOPKİNSON
260 _bALTIN KİTAPLAR
999 _c1254675
_d1254675